Score 0/22 Timer 02:00
0 Plays Today
Clue Word % Correct
●A financial institution●BANK
98.7%
Place to play hockeyRINK
97%
A position in the armyRANK
95.9%
The centre of the earthCORE
90.6%
What you may be holding when eating ice creamCONE
89.9%
Where you place your groceries when shoppingCART
88.9%
●The possibility for financial loss●RISK
88.7%
Elevate to higher groundRISE
88.6%
Actors of a playCAST
86.8%
Dog's chew-toyBONE
86.5%
To hope for something to happenWISH
86.4%
Clue Word % Correct
●Physical form of currency●CASH
85.8%
To be knowledgeable and experiencedWISE
84.7%
To clean somethingWASH
84%
A wire that is powering your electronicsCORD
83.6%
●One can be used to pay in place of [rung 9]●CARD
82.4%
Make something not straight anymoreBEND
79.6%
●Let someone borrow from you●LEND
79.2%
●Borrowed money from [rung 1]●LOAN
76.3%
To direct a group of peopleLEAD
73%
●A debt security; similar to a [rung 22]●BOND
72.1%
To place objects in a truckLOAD
71.7%

Today's Daily Dose

Remove Ads.
Support Sporcle.
Get the best of Sporcle when you Go Orange. This ad-free experience offers more features, more stats, and more fun while also helping to support Sporcle. Thank you for becoming a member.

You're not logged in!

Compare scores with friends on all Sporcle quizzes.
OR
Log In

Show Comments

Extras

Top Quizzes Today


Score Distribution

Your Account Isn't Verified!

In order to create a playlist on Sporcle, you need to verify the email address you used during registration. Go to your Sporcle Settings to finish the process.

Report this User

Report this user for behavior that violates our Community Guidelines.

Details: